000 00465nam a2200181Ia 4500
005 20250508152517.0
008 008 250505s9999 xx 000 0 hin d
037 _aReference
040 _aFEDL
_beng
_cFEDL
041 _ahin
_2eng
084 _a370, THA
_qFEDL
100 _aThakur Rabindranath
245 0 _aShiksha
260 _aDelhi, India
_bSanmarg Prakashan
_c1958
300 _a112p
942 _cREF
_h370, THA
999 _c1336898
_d1336898